Geography quiz (easy) - Statistics

General Stats
  • This quiz has been taken 61 times
    33 since last reset
  • The average score is 12 of 15
Answer Stats
Hint Answer % Correct
How many borders does the United States has? 2
100%
What is the biggest country in North America? Canada
96%
Which country has the highest population? India
96%
What is the capital of Russia? Moscow
96%
What is the biggest ocean in the world? Pacific
96%
And which country has the lowest population? Vatican City
96%
What is the capital of the Netherlands? Amsterdam
92%
What is the capital of Egypt? Cairo
92%
From which country is Greenland part of? Denmark
84%
What is the third largest country? United States
84%
From which country is the Falklandislands? United Kingdom
80%
What is the second most populous country in South America? Colombia
76%
What is the second biggest city in the United States? Los Angeles
76%
What is the most populated city in the world (with agglomeration)? Guangzhou
48%
How many inhabitants does Germany have? (range of guessing= 10 million people) 80 million
32%
No matching quizzes found
Score Distribution
Percent of People with Each Score
Percentile by Number Answered
Your Score History
You have not taken this quiz since the last reset